<?xml version="1.0" encoding="UTF-8"?>
<marc:record xmlns:marc="http://www.loc.gov/MARC21/slim">
   <marc:leader>00000nam a2200000 a 4500</marc:leader>
   <marc:datafield ind1="1" ind2=" " tag="100">
      <marc:subfield code="a">Götz, Andreas</marc:subfield>
      <marc:subfield code="4">aut</marc:subfield>
      <marc:subfield code="e">Verfasser/-in</marc:subfield>
   </marc:datafield>
   <marc:datafield ind1=" " ind2=" " tag="653">
      <marc:subfield code="a">Nachkriegszeit</marc:subfield>
   </marc:datafield>
   <marc:datafield ind1=" " ind2=" " tag="653">
      <marc:subfield code="a">Deutsche AutorInnen</marc:subfield>
   </marc:datafield>
   <marc:datafield ind1=" " ind2=" " tag="653">
      <marc:subfield code="a">Kunstraub</marc:subfield>
   </marc:datafield>
   <marc:datafield ind1=" " ind2=" " tag="653">
      <marc:subfield code="a">Krimis, Thriller, Spionage</marc:subfield>
   </marc:datafield>
   <marc:datafield ind1=" " ind2=" " tag="653">
      <marc:subfield code="a">Raubkunst</marc:subfield>
   </marc:datafield>
   <marc:datafield ind1=" " ind2=" " tag="653">
      <marc:subfield code="a">München-Krimi</marc:subfield>
   </marc:datafield>
   <marc:datafield ind1="0" ind2="0" tag="245">
      <marc:subfield code="a">Die im Dunkeln sieht man nicht 1</marc:subfield>
   </marc:datafield>
   <marc:datafield ind1="0" ind2="0" tag="245">
      <marc:subfield code="b">Zwischen Stunde Null und Wirtschaftswunder zieht ein altes Verbrechen neue Kreise</marc:subfield>
   </marc:datafield>
   <marc:datafield ind1="0" ind2="0" tag="245">
      <marc:subfield code="c">Andreas Götz</marc:subfield>
   </marc:datafield>
   <marc:datafield ind1=" " ind2="1" tag="264">
      <marc:subfield code="a">Frankfurt am Main</marc:subfield>
      <marc:subfield code="b">Fischer Taschenbuch</marc:subfield>
      <marc:subfield code="c">2021</marc:subfield>
   </marc:datafield>
   <marc:datafield ind1="1" ind2=" " tag="490">
      <marc:subfield code="a">Die Karl-Wieners-Reihe</marc:subfield>
   </marc:datafield>
   <marc:datafield ind1=" " ind2=" " tag="250">
      <marc:subfield code="a">1. Auflage</marc:subfield>
   </marc:datafield>
   <marc:datafield ind1="1" ind2=" " tag="520">
      <marc:subfield code="a">München 1950. Zwischen Stunde Null und Wirtschaftswunder zieht ein altes Verbrechen neue Kreise  der erste Band der 1950er-Jahre-Trilogie um den Journalisten Karl Wieners, seine Nichte Magda und den Privatdetektiv Ludwig Gruber&lt;br/&gt;&lt;br/&gt;Im April 1950 kehrt Karl Wieners, ehemals Schriftsteller, heim nach München, wo Schmuggler gute Geschäfte machen und Gestrandete die letzte Hoffnung verlieren. Karls letzte Hoffnung ist eine Karriere als Journalist. Wenn er herausfände, was aus dem Kunstschatz wurde, der bei Kriegsende aus dem Führerbau verschwunden ist, wäre das die Sensation. &lt;br/&gt;&lt;br/&gt;Gemeinsam mit seiner Nichte Magda begibt er sich auf die Spur der Bilder. Dabei geraten die beiden nicht nur ins Visier dubioser Schwarzmarktschieber. Sie stören auch die Kreise von Kommissär Ludwig Gruber, der auf der Suche nach einem Mörder fast verzweifelt. &lt;br/&gt;&lt;br/&gt;Doch womit sie es wirklich zu tun haben, erkennen sie alle erst, als es fast schon zu spät ist.</marc:subfield>
   </marc:datafield>
   <marc:datafield ind1=" " ind2=" " tag="020">
      <marc:subfield code="a">9783596705245</marc:subfield>
      <marc:subfield code="9">9783596705245</marc:subfield>
   </marc:datafield>
   <marc:datafield ind1=" " ind2=" " tag="041">
      <marc:subfield code="a">ger</marc:subfield>
   </marc:datafield>
   <marc:datafield ind1="1" ind2=" " tag="521">
      <marc:subfield code="a">0</marc:subfield>
   </marc:datafield>
   <marc:datafield ind1=" " ind2=" " tag="300">
      <marc:subfield code="a">448 Seiten</marc:subfield>
   </marc:datafield>
</marc:record>
